000 00681nam a22001697a 4500
003 OSt
005 20251209152914.0
008 251209b |||||||| |||| 00| 0 eng d
040 _cDCL
082 _a၂၉၄.၃၈၂၃
100 0 _aဇနကဘိဝံသ ၊
_cအရှင်။
245 1 _aသာမညဖလသုတ်တော် /
_cအရှင်ဇနကာဘိဝံသ။
264 _aအမရပူရ ၊
_bမဟာဂန္ဓာရုံစာပေ၊
_c၂၀၁၀။
300 _aင၊ ၁၅၁စာမျက်နှာ ၊
_c၁၈ စင်တီ။
650 _aသာမညဖလသုတ်
942 _2ddc
_cSHORT TERM
_n0
999 _c2683
_d2683